| 000 | 00541nam a2200157 a 4500 | ||
|---|---|---|---|
| 008 | 120416s1980 ||||||||||||||||| || u | ||
| 050 | _aHF 5429 Spi | ||
| 100 | _aSpitz, A Edward | ||
| 245 | 1 | 0 | _aRetailing |
| 260 |
_aCambridge, Mass.: _bWinthrop _c1980 |
||
| 300 | _axviii, 449p. : ill. | ||
| 350 | _a0.00 | ||
| 650 | _aRETAILING | ||
| 650 | 0 | _aMARKETING--MANAGEMENT--CASE STUDIES | |
| 995 |
_D0.00 _FCBU-MAIN LIBRARY (Kitwe) _H1 _I0.00 _M1 _UAVAILABLE _ZMain Library Open Access Collection |
||
| 999 |
_c56420 _d56420 |
||